000 00561nam a2200229Ia 4500
003 OSt
005 20220924135852.0
006 a|||||r|||| 00| 0
007 ta
008 220923b |||||||| |||| 00| 0 ben d
024 _a292860
037 _cTextual
040 _aARTS
_cARTS
_bben
041 _2ben
_aben
082 _aO157,3M76w, L7
100 _aRoy
_9120881
245 0 _aNatun tathye Sharat Chandra
260 _c1977
650 _aBENGALI LITERATURE
942 _hO157,3M76w, L7
_cTEXL
_2CC
999 _c442232
_d442232